000 00535nam a22001817a 4500
005 20170403130700.0
010 _aENG-117688
020 _a9788178063898
_c150.00
035 _aEN-101220
037 _bDABD/PUB
082 _aS
245 _aSelacted stories of Munshi Premchnad /
_cby Premchand ; translated by Sudha Narasimhachar
260 _aDelhi
_bUnicorn Books
_c2016
270 _aF-2/16,Ansari Road Daryaganj
_bDelhi
_e110052
300 _a179p.
_c23cm(pbk)
700 _aNarasimhachar, Sudha
942 _2ddc
_cEN
_hS
_mPRE
999 _c138628
_d138628